BIBLIOTECA PODER JUDICIAL
Portal Judicial TDF

Alimentos provisorios y compensación económica / (Registro nro. 5832)

000 -LEADER
fixed length control field 00866nab a22002057a 4500
003 - CONTROL NUMBER IDENTIFIER
control field OSt
005 - DATE AND TIME OF LATEST TRANSACTION
control field 20260107125317.0
008 - FIXED-LENGTH DATA ELEMENTS--GENERAL INFORMATION
fixed length control field 190514b xxu||||| |||| 00| 0 spa d
040 ## - CATALOGING SOURCE
Transcribing agency PJ
100 ## - MAIN ENTRY--PERSONAL NAME
9 (RLIN) 6244
Personal name Veloso, Sandra F.
245 10 - TITLE STATEMENT
Title Alimentos provisorios y compensación económica /
Statement of responsibility, etc Sandra F. Veloso.
300 ## - PHYSICAL DESCRIPTION
Extent p. 178-183
505 ## - FORMATTED CONTENTS NOTE
Formatted contents note Sumario: I. Conceptos preliminares.— II. Alimentos provisorios y compensación económica.— III. El límite temporal de los alimentos y sus efectos en la compensación económica.
505 ## - FORMATTED CONTENTS NOTE
Title Si te interesa el texto, comunicate a koha@justierradelfuego.gov.ar
650 #0 - SUBJECT ADDED ENTRY--TOPICAL TERM
9 (RLIN) 967
Topical term or geographic name as entry element DERECHO DE FAMILIA
650 #0 - SUBJECT ADDED ENTRY--TOPICAL TERM
9 (RLIN) 968
Topical term or geographic name as entry element ALIMENTOS
650 #0 - SUBJECT ADDED ENTRY--TOPICAL TERM
9 (RLIN) 5830
Topical term or geographic name as entry element COMPENSACIÓN ECONÓMICA
773 0# - HOST ITEM ENTRY
Host Biblionumber 2844
Host Itemnumber 3222
Place, publisher, and date of publication Buenos Aires : AbeledoPerrot, 1989-
Title Derecho de familia. N° 118 - Marzo 2025
International Standard Book Number 18511201
942 ## - ADDED ENTRY ELEMENTS (KOHA)
Source of classification or shelving scheme
Koha item type Analítica Artículo de Revista

No hay ítems disponibles.

12 de Octubre 789 Ushuaia - Tel:  54(02901)441571
Horario de Atención: 8.00 a 17.00 hs. 
bibliotecaush@justierradelfuego.gov.ar
koha@justierradelfuego.gov.ar
Seguinos en nuestras redes @bibliojustdf 

Con tecnología Koha